Регионална библиотека "Любен Каравелов" - Русе

В играта на желанието (Запис номер 346691)

MARC детайли
000 -Лидер
Контролно поле с фиксирана дължина 01882nam a2200349 a 4500
003 - Код на организацията, давaща контролен номер
Контролно поле BLK
005 - Дата и час на последна редакция
Контролно поле 20250611123026.0
008 - Елементи от данни с фиксирана дължина
fixed length control field 191121b bu ||||| |||| 00| 0 bu d
020 ## - Международен стандартен номер на книга ISBN
Международен стандартен номер на книга ISBN 9789545872099
040 ## - Източник на каталожния запис
Идентификатор на билиотеката - собственик на записа BLK
041 ## - Код за език
Код за езика на текст/звукозапис или на отделно заглавие Български
Код за езика КДБФ Български
080 ## - УДК
Текстов определител УДК Психология на детската възраст. Интелектуално развитие на децата. Психически особености. Детски представи, описани в разкази
УДК код - определител по УДК 159.922.7
УДК - код + определител 159.922.7
080 ## - УДК
Текстов определител УДК Семейна етика. Вж и 176 ; 343.3/.7 ; 347.6 ; 392
УДК код - определител по УДК 173
УДК - код + определител 173
080 ## - УДК
Текстов определител УДК Психоанализа
УДК код - определител по УДК 159.964.2
УДК - код + определител 159.964.2
080 ## - УДК
Текстов определител УДК Възпитание у дома. Семейно възпитание
УДК код - определител по УДК 37.018.1
УДК - код + определител 37.018.1
100 ## - Редна дума - Автор
Автор Долто, Франсоаз
Авторска отговорност първи автор
R(LIN) 1299
139 ## - Редно поле
Редна дума Долто, Франсоаз
Авторски знак Дол - Д 75
245 ## - Сведения за заглавието
Заглавие В играта на желанието
Подзаглавни данни Клинични есета
Редно поле (дума) Франсоаз Долто; прев. от фр. Анастасия Гамова, Вяра Любенова, Павлина Рибарова
Том Ч. 1
260 ## - Област на издателските данни
9 (RLIN) 209989
Място на издаване, разпространение и проч. София
Име на издателя, разпространителя и проч. КХ - Критика и Хуманизъм
Година на издаване 2017
300 ## - Физическа характеристика
Страници 268 с
Размери/Мащаб 21 см
380 ## - Жанр
Жанр Философия
490 ## - СЕРИИ (Колекции)
9 (RLIN) 207706
Име на серия Серия Случаи
650 #7 - Допълнително описание по предмет – тема
9 (RLIN) 153033
Основно описание – тема или топоним Детска и педагогическа психология
650 #7 - Допълнително описание по предмет – тема
9 (RLIN) 170797
Основно описание – тема или топоним Семейно възпитание
650 #7 - Допълнително описание по предмет – тема
9 (RLIN) 168303
Основно описание – тема или топоним Психоанализа
700 ## - Други автори (авторска отговорност)
9 (RLIN) 1177
Лично име Гамова, Анастасия Ненкова
Автороска отговорност (Описва отношението между автора и произведението) прев. от фр.
700 ## - Други автори (авторска отговорност)
9 (RLIN) 294452
Лично име Любенова, Вяра
Автороска отговорност (Описва отношението между автора и произведението) прев. от фр.
700 ## - Други автори (авторска отговорност)
9 (RLIN) 276802
Лично име Рибарова, Павлина Стефанова
Автороска отговорност (Описва отношението между автора и произведението) прев. от фр.
999 ## - СИСТЕМНИ КОНТРОЛНИ НОМЕРА
Koha biblionumber 346691
Koha biblioitemnumber 346691
942 ## - АРТИКУЛИ
Вид на библиотечния материал Книги
Скрит в OPAC Не
Периодичен библиозапис Да
Koha issues (borrowed), all copies 7
944 ## - СЪЗДАВАНЕ И РЕДАКЦИЯ на ЗАПИСА
Създаване/Редакция Създаване
Дата на регистрацията/редакция 2019-11-21
Служител, извършил регистрацията/редакцията 30530
Статус, дата на статуса Минев Младен
999 ## - СИСТЕМНИ КОНТРОЛНИ НОМЕРА
Koha biblioitemnumber 346691
Наличности
Код за отписване Код за изгубен артикул Източник на класификационната схема Код за повреда Коз за рестрикции Код за отдаване Артикулен № Име на библиотеката - собственик Име на библиотеката, в която се намира в момента Статус (Текущо местоположение) Дата на вписване в системата Местоположение - отдел Цена в лева Систематично азбучна сигнатура Баркод Цена в евро Служебен тип на артикула
  Не е изгубен Universal Decimal Classification Не е повреден без рестрикции заемане за дома 749892 Регионална библиотека "Любен Каравелов" Русе Регионална библиотека "Любен Каравелов" Русе Заемна - подръчен фонд 2019-11-22 Заемна - подръчен фонд 14.70 П 159.922.7/Д 75 Ф 120000838063 7.52 Книги
Vip Innovations Ltd, Rousse, Bulgaria 2025